00341nam a2200109Ia 4500008004100000082001900041100002000060245003200080260002700112630002800139650006400167211122s9999||||xx |||||||||||||| ||und|| a294.513bRAD-M aRadice, William 0aMyths And Legends Of India  bPenguin BooksaHaryana xPost Graduate Reference aMalayalamvRELIGIONOTHER RELIGIONSRELIGIONS OF Indic origin